Fr. Conceicao Rodrigues College of Engineering

I C Master Vol 2 1996 (Record no. 34906)

MARC details
000 -LEADER
fixed length control field 00343nam a2200145Ia 4500
082 ## - DEWEY DECIMAL CLASSIFICATION NUMBER
Classification number 5.74074
Item number HEA
100 ## - MAIN ENTRY--PERSONAL NAME
Personal name Heasrt business communication
245 ## - TITLE STATEMENT
Title I C Master Vol 2 1996
260 ## - PUBLICATION, DISTRIBUTION, ETC.
Name of publisher, distributor, etc. Hearst Business Communications inc
Place of publication, distribution, etc. New york
Date of publication, distribution, etc. 1996
300 ## - PHYSICAL DESCRIPTION
Extent 841
546 ## - LANGUAGE NOTE
Language note ENGLISH
654 ## - SUBJECT ADDED ENTRY--FACETED TOPICAL TERMS
Focus term Computer
942 ## - ADDED ENTRY ELEMENTS (KOHA)
Koha item type Reference Book
Holdings
Withdrawn status Lost status Damaged status Not for loan Collection Home library Current library Date acquired Total Checkouts Full call number Barcode Date last seen Price effective from Koha item type
        CRC Fr. Agnel's C.Rodrigues College of Engineering Fr. Agnel's C.Rodrigues College of Engineering 17/03/2023   5.74074 HEA 8278 17/03/2023 17/03/2023 Reference Book